[Event "POL-chT U20 1st League"]
[Site "Chotowa"]
[Date "2025.06.15"]
[Round "2.11"]
[White "Malicka, Magdalena"]
[Black "Tokarz, Izabela"]
[Result "1/2-1/2"]
[WhiteElo "1869"]
[BlackElo "2054"]
[PlyCount "105"]
[EventDate "2025.06.14"]
[EventType "team-swiss"]
[EventRounds "9"]
[EventCountry "POL"]
[SourceTitle "CB26_2025"]
[SourceDate "2025.06.25"]
[SourceVersion "1"]
[SourceVersionDate "2025.06.25"]
[SourceQuality "1"]
[WhiteTeam "Czternastka Warszawa II"]
[BlackTeam "Rzeszow"]
[WhiteTeamCountry "POL"]
[BlackTeamCountry "POL"]

1. d4 d5 2. Nf3 Nf6 3. e3 a6 4. Bd3 c5 5. dxc5 Nc6 6. Nbd2 e5 7. Be2 Bxc5 8. 0-0 b5 9. a4 b4 10. Nb3 Bb6 11. c3 bxc3 12. bxc3 Be6 13. Ba3 Ne4 14. Rc1 Nd6 15. Nc5 Bxc5 16. Bxc5 Ne4 17. Ba3 Qa5 18. c4 Nc3 19. Qc2 Nxe2+ 20. Qxe2 Qxa4 21. cxd5 Bxd5 22. Qd1 Qxd1 23. Rfxd1 Bxf3 24. gxf3 Rc8 25. Rb1 Rb8 26. Rbc1 Rc8 27. Rb1 Nd8 28. Rb6 a5 29. Rd5 f6 30. Rxa5 Kf7 31. Rd5 Kg6 32. Rxe5 Rc6 33. Rxc6 Nxc6 34. Rc5 Ne5 35. Kg2 Ra8 36. Rc3 Ra4 37. Bc1 Ra2 38. e4 h5 39. h3 Ra4 40. Be3 Nc4 41. f4 Kf7 42. Kf3 g6 43. Rd3 Ke6 44. Rd4 f5 45. e5 g5 46. fxg5 Nxe5+ 47. Kg2 Rxd4 48. Bxd4 Ng6 49. Kf3 Kd5 50. Bb2 Ke6 51. Ke3 Kd5 52. Bf6 Ke6 53. Bb2 1/2-1/2

[Event "POL-chT U20 1st League"]
[Site "Chotowa"]
[Date "2025.06.14"]
[Round "1.11"]
[White "Tokarz, Izabela"]
[Black "Kaminska, Zuzanna"]
[Result "1/2-1/2"]
[WhiteElo "2054"]
[BlackElo "1969"]
[PlyCount "86"]
[EventDate "2025.06.14"]
[EventType "team-swiss"]
[EventRounds "9"]
[EventCountry "POL"]
[SourceTitle "CB26_2025"]
[SourceDate "2025.06.25"]
[SourceVersion "1"]
[SourceVersionDate "2025.06.25"]
[SourceQuality "1"]
[WhiteTeam "Rzeszow"]
[BlackTeam "Czestochowa Hetman"]
[WhiteTeamCountry "POL"]
[BlackTeamCountry "POL"]

1. Nf3 d5 2. g3 Nd7 3. d4 Nb6 4. Bg2 Nf6 5. 0-0 Bf5 6. b3 e6 7. c4 Be7 8. Nh4 Bg4 9. h3 Bh5 10. cxd5 Nfxd5 11. Nf3 0-0 12. Bb2 c6 13. e4 Nc7 14. Qc2 f5 15. Ne5 Nd7 16. exf5 exf5 17. Re1 Nd5 18. a3 a5 19. Nd2 Kh8 20. Ndc4 Rf6 21. Bc1 f4 22. g4 Bg6 23. Nxg6+ Rxg6 24. Ne5 Nxe5 25. dxe5 Qf8 26. Qe4 Bc5 27. Bb2 Re8 28. Qe2 Re7 29. Be4 Rh6 30. Qf3 Nc7 31. Kg2 Ne6 32. Bf5 Ng5 33. Qxf4 Nxh3 34. Qc4 Rf7 35. Bc1 Rxf5 36. gxf5 Qxf5 37. Bxh6 Qxf2+ 38. Kxh3 Qf3+ 39. Kh2 Qf2+ 40. Kh3 Qf3+ 41. Kh4 Bf2+ 42. Kg5 gxh6+ 43. Kxh6 Qf5 1/2-1/2

[Event "Titled Tuesday intern op 04th Mar Early"]
[Site "Chess.com INT"]
[Date "2025.03.04"]
[Round "1"]
[White "Rosen, Eric S"]
[Black "Tokarz, Izabela"]
[Result "1-0"]
[WhiteElo "2377"]
[BlackElo "2025"]
[PlyCount "105"]
[EventDate "2025.03.04"]
[EventType "swiss (blitz)"]
[EventRounds "11"]
[EventCountry "USA"]
[SourceTitle "CB11_2025"]
[SourceDate "2025.03.12"]
[SourceVersion "1"]
[SourceVersionDate "2025.03.12"]
[SourceQuality "1"]

1. d4 Nf6 2. Bf4 g6 3. Nc3 Bg7 4. e4 d6 5. Qd2 0-0 6. 0-0-0 a6 7. Bh6 b5 8. f3 b4 9. Nce2 a5 10. h4 Qd7 11. h5 Qa4 12. Kb1 gxh5 13. Qg5 Ne8 14. Qxh5 Bxh6 15. Qxh6 Nf6 16. b3 Qc6 17. Nf4 Nbd7 18. Nd5 Re8 19. g4 Nf8 20. Bc4 Be6 21. Nxf6+ exf6 22. d5 Qc5 23. dxe6 fxe6 24. Qxf6 a4 25. Rh5 d5 26. Rg5+ Ng6 27. exd5 axb3 28. Rxg6+ hxg6 29. Qxg6+ Kf8 30. Qf6+ Kg8 31. Bxb3 Qe7 32. Qxe7 Rxe7 33. dxe6 Kg7 34. f4 c5 35. Nf3 Rc7 36. f5 c4 37. g5 cxb3 38. axb3 Rca7 39. Rd7+ Rxd7 40. exd7 Rd8 41. Ne5 Kf8 42. f6 Kg8 43. g6 Kf8 44. Kc1 Kg8 45. Kd2 Kf8 46. Ke3 Kg8 47. Kf4 Rf8 48. Kg5 Rd8 49. Kf5 Rf8 50. Ke6 Ra8 51. Ke7 Ra7 52. f7+ Kg7 53. f8Q# 1-0

[Event "Bialystok Zamenhof Memorial 43rd"]
[Site "Bialystok"]
[Date "2024.12.31"]
[Round "9"]
[White "Tokarz, Izabela"]
[Black "Krasniewski, Maciej"]
[Result "1/2-1/2"]
[WhiteElo "2085"]
[BlackElo "1984"]
[PlyCount "41"]
[EventDate "2024.12.27"]
[EventType "swiss"]
[EventRounds "9"]
[EventCountry "POL"]
[SourceTitle "CB02_2025"]
[SourceDate "2025.01.08"]
[SourceVersion "1"]
[SourceVersionDate "2025.01.08"]
[SourceQuality "1"]

1. d4 Nf6 2. c4 e6 3. Nf3 b6 4. a3 Bb7 5. Nc3 d5 6. cxd5 Nxd5 7. Qc2 Be7 8. e4 Nxc3 9. bxc3 0-0 10. Bd3 c5 11. 0-0 Qc7 12. Qe2 Nc6 13. Bb2 Rfd8 14. Rac1 Rac8 15. Rfd1 Na5 16. h3 Nb3 17. Rb1 a5 18. Bb5 Bc6 19. Bxc6 Qxc6 20. d5 Qa4 21. c4 1/2-1/2

[Event "Wch U18 Girls blitz"]
[Site "Terme Catez"]
[Date "2024.12.16"]
[Round "3"]
[White "Dorokhina, Elizaveta"]
[Black "Tokarz, Izabela"]
[Result "0-1"]
[WhiteElo "2005"]
[BlackElo "1959"]
[PlyCount "90"]
[EventDate "2024.12.16"]
[EventType "swiss (blitz)"]
[EventRounds "22"]
[EventCountry "SLO"]
[SourceTitle "CB51_2024"]
[SourceDate "2024.12.18"]
[SourceVersion "1"]
[SourceVersionDate "2024.12.18"]
[SourceQuality "1"]

1. d4 Nf6 2. Nf3 d5 3. c4 e6 4. e3 a6 5. b3 Be7 6. Bd3 Nbd7 7. 0-0 c5 8. Bb2 cxd4 9. exd4 0-0 10. Nbd2 Re8 11. Re1 Nf8 12. Ne5 Ng6 13. g3 Bd7 14. c5 Rc8 15. b4 Qc7 16. Ndf3 Ra8 17. Qe2 b5 18. a4 bxa4 19. Bxa6 Reb8 20. Ba3 Ne4 21. Rec1 Nxe5 22. Nxe5 Bf6 23. Nf3 Qa7 24. Bd3 Qb7 25. Rab1 Bb5 26. Qe3 Bxd3 27. Qxd3 Qb5 28. Qxb5 Rxb5 29. Kf1 Rc8 30. Ke2 h6 31. Ne5 Bxe5 32. dxe5 Rc6 33. h4 d4 34. f3 Nc3+ 35. Kd3 Nxb1 36. Rxb1 Rcxc5 37. bxc5 Rxb1 38. Kxd4 Kf8 39. c6+ Ke8 40. Kc4 Rb3 41. Bd6 g6 42. c7 Kd7 43. f4 Rxg3 44. Kb4 a3 45. Kc4 a2 0-1

[Event "Wch U18 Girls blitz"]
[Site "Terme Catez"]
[Date "2024.12.16"]
[Round "20"]
[White "Tokarz, Izabela"]
[Black "Vashchenko, Diana"]
[Result "1-0"]
[WhiteElo "1959"]
[BlackElo "2028"]
[PlyCount "163"]
[EventDate "2024.12.16"]
[EventType "swiss (blitz)"]
[EventRounds "22"]
[EventCountry "SLO"]
[SourceTitle "CB51_2024"]
[SourceDate "2024.12.18"]
[SourceVersion "1"]
[SourceVersionDate "2024.12.18"]
[SourceQuality "1"]

1. d4 d5 2. c4 c6 3. Nf3 Nf6 4. Nc3 dxc4 5. a4 Bf5 6. e3 e6 7. Bxc4 Bb4 8. 0-0 0-0 9. Qe2 Qe7 10. e4 Bg6 11. e5 Nd5 12. Ne4 h6 13. Bd2 Bxd2 14. Nfxd2 Nd7 15. f4 a6 16. Nd6 b5 17. Bd3 Bxd3 18. Qxd3 c5 19. f5 c4 20. Qg3 Qg5 21. Qxg5 hxg5 22. fxe6 fxe6 23. axb5 axb5 24. Nxb5 Rab8 25. Rxf8+ Nxf8 26. Ra5 Ne3 27. Kf2 Nc2 28. Nxc4 Nd7 29. Ne3 Nb4 30. Ra7 Nd3+ 31. Ke2 Nf4+ 32. Kf1 Nxe5 33. dxe5 Rxb5 34. g3 Ng6 35. Ra6 Rxe5 36. Nc4 Rf5+ 37. Kg2 Rc5 38. Ne3 Nf8 39. Rb6 Kf7 40. b4 Rc3 41. Kf2 Rb3 42. Rb7+ Kf6 43. b5 Rb2+ 44. Kf3 Rb3 45. Ke4 Rb4+ 46. Kd3 Rb3+ 47. Kd2 Ng6 48. Ng4+ Kf5 49. Ne3+ Kf6 50. b6 Ne5 51. Rb8 Nc6 52. Rb7 Na5 53. Ra7 Nc6 54. Rb7 Nd8 55. Rd7 Nc6 56. Nc4 Nb8 57. Rb7 Na6 58. Ra7 Nc5 59. Rc7 Ne4+ 60. Kc2 Rb5 61. b7 g4 62. Kd3 Nf2+ 63. Ke3 Nd1+ 64. Kd2 Nf2 65. Ke3 Nd1+ 66. Kd2 Nf2 67. Kc3 Ne4+ 68. Kd4 Nf2 69. Ne3 Rb1 70. Nc4 Nd1 71. Nd6 Rb4+ 72. Kd3 Nf2+ 73. Kc3 Rb1 74. Rf7+ Ke5 75. Nc4+ Kd5 76. Rxf2 Rxb7 77. Ne3+ Kd6 78. Nxg4 Rc7+ 79. Kd3 Rb7 80. Ne3 Ra7 81. Ke4 Ra3 82. Rd2+ 1-0

[Event "Wch U18 Girls blitz"]
[Site "Terme Catez"]
[Date "2024.12.16"]
[Round "19"]
[White "Vashchenko, Diana"]
[Black "Tokarz, Izabela"]
[Result "0-1"]
[WhiteElo "2028"]
[BlackElo "1959"]
[PlyCount "62"]
[EventDate "2024.12.16"]
[EventType "swiss (blitz)"]
[EventRounds "22"]
[EventCountry "SLO"]
[SourceTitle "CB51_2024"]
[SourceDate "2024.12.18"]
[SourceVersion "1"]
[SourceVersionDate "2024.12.18"]
[SourceQuality "1"]

1. e4 d5 2. exd5 Qxd5 3. Nc3 Qd6 4. Nf3 Nf6 5. Be2 a6 6. 0-0 Nc6 7. d4 Bg4 8. Be3 e6 9. h3 Bh5 10. Re1 Be7 11. Bg5 0-0 12. Be3 Rad8 13. g4 Bg6 14. Qd2 Nb4 15. Nh4 Nxg4 16. Bf4 e5 17. Nxg6 hxg6 18. Bg3 Nh6 19. Rad1 Qxd4 20. Qxd4 exd4 21. Ne4 Nxc2 22. Rf1 c6 23. a3 d3 24. Bxd3 Nd4 25. Kg2 Nhf5 26. Rfe1 Rfe8 27. Bc7 Rc8 28. Bb6 Ne6 29. Nc3 Nf4+ 30. Kh2 Nxd3 31. Rxd3 Bd6+ 0-1

[Event "Wch U18 Girls rapid"]
[Site "Terme Catez"]
[Date "2024.12.15"]
[Round "9"]
[White "Tokarz, Izabela"]
[Black "Sevcikova, Lucia"]
[Result "1-0"]
[WhiteElo "2085"]
[BlackElo "2060"]
[PlyCount "93"]
[EventDate "2024.12.14"]
[EventType "swiss (rapid)"]
[EventRounds "11"]
[EventCountry "SLO"]
[SourceTitle "CB51_2024"]
[SourceDate "2024.12.18"]
[SourceVersion "1"]
[SourceVersionDate "2024.12.18"]
[SourceQuality "1"]

1. d4 d5 2. c4 c6 3. Nf3 Nf6 4. Nc3 e6 5. Bg5 h6 6. Bh4 dxc4 7. a4 Bb4 8. e3 Qa5 9. Rc1 Nd5 10. Qc2 b5 11. e4 Nb6 12. axb5 cxb5 13. Be2 0-0 14. 0-0 Bxc3 15. bxc3 Na4 16. Be7 Re8 17. Bb4 Qc7 18. Ne5 Nd7 19. Nxc4 bxc4 20. Qxa4 Bb7 21. f3 Bc6 22. Qa2 Bb5 23. Ba5 Qc6 24. Rb1 a6 25. Rb4 Rac8 26. Rb2 Nf6 27. Bb4 Qc7 28. Bd1 Qf4 29. Ba4 Ra8 30. Ba5 Reb8 31. Bd1 g5 32. Qb1 Bd7 33. g3 Rxb2 34. Qxb2 Qb8 35. Qa3 Bb5 36. Qe7 Kg7 37. Be2 Ra7 38. Qa3 Rb7 39. Bb4 Nd7 40. f4 Nb6 41. fxg5 hxg5 42. Bd6 Qc8 43. Be5+ Kg8 44. Qc1 Kf8 45. Qxg5 Qc6 46. Qg7+ Ke8 47. Qg8+ 1-0

[Event "EU-ch U18 Girls"]
[Site "Prague"]
[Date "2024.08.30"]
[Round "8"]
[White "Tokarz, Izabela"]
[Black "Zelbova, Lada"]
[Result "1-0"]
[WhiteElo "1941"]
[BlackElo "1983"]
[PlyCount "77"]
[EventDate "2024.08.22"]
[EventType "swiss"]
[EventRounds "9"]
[EventCountry "CZE"]
[SourceTitle "CBM 221 Extra"]
[Source "ChessBase"]
[SourceDate "2024.09.30"]
[SourceVersion "1"]
[SourceVersionDate "2024.09.30"]
[SourceQuality "1"]

1. d4 d5 2. c4 e6 3. Nc3 Bb4 4. Qa4+ Nc6 5. a3 Bxc3+ 6. bxc3 Nf6 7. Nf3 0-0 8. Bg5 h6 9. Bh4 Ne7 10. cxd5 Qxd5 11. c4 Qf5 12. e3 c5 13. Rd1 Bd7 14. Qb3 cxd4 15. Rxd4 g5 16. Bg3 Nc6 17. Rd1 Qa5+ 18. Nd2 Ne4 19. f3 Nxg3 20. hxg3 Qe5 21. f4 gxf4 22. gxf4 Qg7 23. Ne4 f5 24. Nc5 Qg3+ 25. Ke2 Be8 26. Nxe6 Rf6 27. Rh3 Bh5+ 28. Rxh5 Qg4+ 29. Kf2 Rxe6 30. Rh3 Rg6 31. c5+ Kf8 32. Rd7 Rg7 33. Qxb7 Nd8 34. Rxg7 Nxb7 35. Rxg4 fxg4 36. Rxh6 Kg7 37. Rc6 Na5 38. Rc7+ Kf6 39. Kg3 1-0

[Event "Lazy Baltic Pearl op-A 20th"]
[Site "Lazy"]
[Date "2024.07.01"]
[Round "8"]
[White "Gbiorczyk, Mikolaj1"]
[Black "Tokarz, Izabela"]
[Result "1/2-1/2"]
[WhiteElo "2034"]
[BlackElo "1969"]
[PlyCount "164"]
[EventDate "2024.06.24"]
[EventType "swiss"]
[EventRounds "9"]
[EventCountry "POL"]
[SourceTitle "CBM 220 Extra"]
[Source "ChessBase"]
[SourceDate "2024.07.31"]
[SourceVersion "1"]
[SourceVersionDate "2024.07.31"]
[SourceQuality "1"]

1. e4 c5 2. Nf3 e6 3. d4 cxd4 4. Nxd4 Nc6 5. Nc3 Qc7 6. Be3 a6 7. a3 Nf6 8. f4 Nxd4 9. Qxd4 Ng4 10. Qb6 Bd6 11. Qxc7 Bxc7 12. Bd2 d6 13. Be2 h5 14. Bf3 Bd7 15. h3 Nf6 16. 0-0-0 h4 17. Rhe1 0-0-0 18. e5 Ne8 19. Ne4 Bc6 20. Ng5 Bxf3 21. Nxf3 d5 22. f5 exf5 23. Bg5 Rd7 24. Nxh4 Rh5 25. Nf3 Bd8 26. e6 fxe6 27. Bxd8 Kxd8 28. Rxe6 Nc7 29. Rg6 Rh6 30. Rxh6 gxh6 31. Nd4 Rg7 32. Rd2 f4 33. Nf5 Rg6 34. c4 Rc6 35. b3 Ke8 36. Kd1 dxc4 37. Nd6+ Ke7 38. Nxc4 Nb5 39. Ke2 Rg6 40. Kf2 Rg3 41. a4 Nc7 42. Na5 b6 43. Nc6+ Ke6 44. Nd4+ Ke5 45. Nf3+ Ke6 46. Rc2 Kd6 47. Nd2 Kd7 48. Rc4 Nd5 49. Nf3 Rg8 50. b4 Rxg2+ 51. Kxg2 Ne3+ 52. Kf2 Nxc4 53. Nd4 Ne5 54. Nf5 h5 55. h4 Ke6 56. Ng7+ Kf6 57. Nxh5+ Kf5 58. Ng7+ Ke4 59. Ne6 Ng4+ 60. Kf1 f3 61. Ng7 Kf4 62. h5 Ke4 63. Ke1 Kf4 64. Kf1 f2 65. Kg2 Ke3 66. Nf5+ Ke2 67. Nd4+ Ke1 68. Nf3+ Ke2 69. Nd4+ Kd3 70. Nf5 Ke2 71. Nd4+ Ke3 72. Nf5+ Ke2 73. Nd4+ Kd3 74. Nf5 Kc4 75. b5 axb5 76. axb5 Kd3 77. Kf1 Kc4 78. h6 Nxh6 79. Nxh6 Kxb5 80. Kxf2 Kb4 81. Nf5 Kc5 82. Ke2 b5 1/2-1/2

[Event "Lazy Baltic Pearl op-A 20th"]
[Site "Lazy"]
[Date "2024.06.27"]
[Round "4"]
[White "Woznicki, Tomasz"]
[Black "Tokarz, Izabela"]
[Result "1/2-1/2"]
[WhiteElo "1759"]
[BlackElo "1969"]
[PlyCount "102"]
[EventDate "2024.06.24"]
[EventType "swiss"]
[EventRounds "9"]
[EventCountry "POL"]
[SourceTitle "CBM 220 Extra"]
[Source "ChessBase"]
[SourceDate "2024.07.31"]
[SourceVersion "1"]
[SourceVersionDate "2024.07.31"]
[SourceQuality "1"]

1. g3 d5 2. Nf3 Nf6 3. Bg2 Bf5 4. 0-0 Nbd7 5. d3 e5 6. Nbd2 Bc5 7. c4 c6 8. Qa4 0-0 9. b4 Bd6 10. Bb2 a5 11. b5 Nc5 12. Qc2 cxb5 13. cxb5 Rc8 14. Qd1 Ncd7 15. Rc1 Qb6 16. a4 h6 17. Qb3 Be6 18. Qa2 Qa7 19. Qa1 d4 20. Rxc8 Rxc8 21. Rc1 Rxc1+ 22. Qxc1 Qc5 23. Nc4 Bxc4 24. Qxc4 Qxc4 25. dxc4 b6 26. Nd2 Kf8 27. Nb3 Ke7 28. f4 Nc5 29. Nxc5 Bxc5 30. fxe5 d3+ 31. e3 Bxe3+ 32. Kf1 Nd7 33. Be4 Nc5 34. Ba3 Ke6 35. Bxc5 Bxc5 36. Bxd3 Kxe5 37. Kg2 Kd4 38. Be2 Kc3 39. h3 Kb4 40. Bd1 Kxc4 41. Kf3 Kd3 42. g4 Be7 43. Bb3 Kc3 44. Bd1 Bg5 45. Kg3 g6 46. h4 Be3 47. h5 gxh5 48. gxh5 Kd3 49. Kg4 Ke4 50. Bc2+ Ke5 51. Bd3 Bg5 1/2-1/2

[Event "Lazy Baltic Pearl op-A 20th"]
[Site "Lazy"]
[Date "2024.06.25"]
[Round "2"]
[White "Bury, Milosz"]
[Black "Tokarz, Izabela"]
[Result "1-0"]
[WhiteElo "1864"]
[BlackElo "1969"]
[PlyCount "79"]
[EventDate "2024.06.24"]
[EventType "swiss"]
[EventRounds "9"]
[EventCountry "POL"]
[SourceTitle "CBM 220 Extra"]
[Source "ChessBase"]
[SourceDate "2024.07.31"]
[SourceVersion "1"]
[SourceVersionDate "2024.07.31"]
[SourceQuality "1"]

1. e4 c5 2. Nf3 e6 3. d4 cxd4 4. Nxd4 a6 5. Bd3 Bc5 6. Nb3 Ba7 7. Qe2 d6 8. Be3 Nc6 9. 0-0 Nf6 10. Rd1 0-0 11. Bxa7 Rxa7 12. c4 b6 13. Nc3 Rd7 14. Rd2 Bb7 15. Rad1 Qc7 16. f3 Rc8 17. Qe3 Rdd8 18. Bf1 Ba8 19. Nd4 Ne5 20. Nc2 Kf8 21. Na4 Rb8 22. Qa3 Ke7 23. Nd4 g5 24. b3 h5 25. Nb2 Bb7 26. b4 h4 27. Qe3 Rg8 28. Nb3 Rbd8 29. c5 bxc5 30. bxc5 d5 31. c6 Bxc6 32. Qc5+ Qd6 33. Qa7+ Rd7 34. Qxa6 Bb7 35. Qe2 Qb6+ 36. Kh1 dxe4 37. Na4 Rxd2 38. Qxd2 Qc6 39. Bb5 Qc7 40. Qb4+ 1-0